000 00575nam a22001817a 4500
005 20251108174557.0
008 250721s2008 xx 000 0 ara d
082 1 4 _a216.92/جرا
100 1 _aجرادات، عزت
245 1 0 _aالعلم و التكنولوجيا و التنمية /
264 1 _aعمان :
_bدار صفاء للنشر و التوزيع،
_c2008.
300 _a211ص.
650 1 7 _aالتنميه الاقتصاديه
650 1 7 _aالتكنولوجيا
700 1 _aعودة، صادق إبراهيم
942 _2ddc
_cBK
999 _c112712
_d112712